000 00371nam a22001337a 4500
008 160505b xxu||||| |||| 00| 0 eng d
020 _a9780135075074
020 _a0135075076
020 _a9780135075076
041 _aeng
080 _a612.39
245 _aPearsons comprehensive medical assisting:
_cBeaman; Fleming McPhillips; Routh; Gohsman; Reagan;
942 _2udc
_cBK
999 _c1801
_d1801